Movies With Samuel L. Jackson AND Bruce Willis - Statistics

General Stats
  • This quiz has been taken 387 times
    332 since last reset
  • The average score is 3 of 5
Answer Stats
Year Film % Correct
1994 Pulp Fiction
88%
1995 Die Hard With a Vengeance
64%
2000 Unbreakable
64%
2019 Glass
56%
1993 Loaded Weapon 1
9%
No matching quizzes found
Score Distribution
Percent of People with Each Score
Percentile by Number Answered
Your Score History
You have not taken this quiz since the last reset